• 首页
  • 本馆介绍
  • 公告通知
  • 最新文献
  • 馆藏检索
  • 电子资源
  • 读者导购
  • 参考咨询
  • 我的图书馆
  • 登录
  • 详细信息显示
  • 放入我的书架
  • 预约/预借图书
  • 作者相关作品
  • 分类相关作品
  • 丛书相关作品
  • 出版社相关作品

书目信息

  • 表格格式
  • 工作单格式
  • 卡片格式
题名:
盒式录音机
    
 
作者: 刘宪坤 编著
分册:  
出版信息: 北京   科学出版社  1983
页数: 485页
开本: 19cm
丛书名:
单 册:
中图分类: TN912.22 , TN646
科图分类:
主题词: 盒式磁带录音机 , 电声器件
电子资源:
ISBN:
000 00667nam0 2200265 45
001 0183005111
005 20040518091419.6
010    @dCNY1.95
091    @a15031.526
100    @a19950629d1983 em y0chiy0121 ea
101 0  @achi
102    @aCN@b110000
105    @ay z 000yy
106    @ar
200 10 @a盒式录音机@Ahe shi lu yin ji@f刘宪坤编著
210    @a北京@c科学出版社@d1983
215    @a485页@d19cm
606    @a盒式磁带录音机
606 0  @a电声器件
690    @aTN912.22@v3 
690    @aTN646
701  0 @a刘宪坤@Aliu xian kun@4编著
801  0 @aCN@b上海图书馆@c20040518
801  2 @aCN@bNLC@c20040518
905    @f2@b101468-469@dTN646@e20
    
    盒式录音机/刘宪坤编著.-北京:科学出版社,1983
    485页;19cm
    
    
    ISBN :CNY1.95
    
●
相关链接 在E读中查询图书 在五车中查询图书 在当当中查询图书 在豆瓣中查询图书


正题名:盒式录音机     索取号:TN646/20         预约/预借

序号 登录号 条形码 馆藏地/架位号 状态 备注
1 0101468   001354386   密集书库/ [索取号:TN646/20] 在馆    
2 0101469   001354340   第三借阅区/ [索取号:TN646/20] 在馆    
3 0101470   202108236   第二样本阅览室/ [索取号:TN646/20] 在馆    
唐山师范学院图书馆 欢迎您!
大连网信软件有限公司© 版权所有